Villains by Letter-C - Statistics

General Stats
  • This quiz has been taken 61 times
    60 since last reset
  • The average score is 10 of 16
Answer Stats
Picture Answer % Correct
Catwoman
98%
Chucky
95%
Count Dooku
93%
Count Dracula
93%
Count Orlok
93%
Cruella de Vil
88%
Carnage
77%
Carrie
68%
Clayface
63%
Candyman
42%
Christine
42%
Commodus
39%
Claude Frollo
25%
Creeper
18%
Castor Troy
12%
Cesare the Somnambulist
9%
No matching quizzes found
Score Distribution
Percent of People with Each Score
Percentile by Number Answered
Your Score History
You have not taken this quiz since the last reset